Sports Quiz

Random Sports or MLB Quiz
Score 0/110 Timer 06:00
10 Plays Today
HRs Player % Correct
73Barry Bonds
99.3%
46Barry Bonds
99.3%
37Barry Bonds
99.3%
33Barry Bonds
99.3%
42Barry Bonds
99.3%
40Barry Bonds
99.3%
37Barry Bonds
99.3%
34Barry Bonds
99.3%
49Barry Bonds
99.3%
46Barry Bonds
99.3%
45Barry Bonds
99.3%
45Barry Bonds
99.3%
26Barry Bonds
99.3%
28Barry Bonds
99.3%
32Bobby Bonds
98.7%
26Bobby Bonds
98.7%
33Bobby Bonds
98.7%
26Bobby Bonds
98.7%
39Bobby Bonds
98.7%
52Willie Mays
95.3%
41Willie Mays
95.2%
51Willie Mays
95.2%
36Willie Mays
95.2%
35Willie Mays
95.2%
29Willie Mays
95.2%
34Willie Mays
95.2%
29Willie Mays
95.2%
40Willie Mays
95.2%
49Willie Mays
95.2%
38Willie Mays
95.2%
47Willie Mays
95.2%
37Willie Mays
95.2%
28Willie Mays
95.2%
45Willie McCovey
89.8%
44Willie McCovey
89.8%
39Willie McCovey
89.8%
36Willie McCovey
89.8%
HRs Player % Correct
31Willie McCovey
89.8%
36Willie McCovey
89.8%
39Willie McCovey
89.8%
29Willie McCovey
89.8%
28Willie McCovey
89.8%
29Jeff Kent
82.7%
31Jeff Kent
82.7%
33Jeff Kent
82.7%
37Jeff Kent
82.7%
35Will Clark
74.8%
29Will Clark
74.8%
29Will Clark
74.8%
25Jack Clark
74.5%
26Jack Clark
74.5%
27Jack Clark
74.5%
42Mel Ott
74%
25Mel Ott
74%
29Mel Ott
74%
38Mel Ott
74%
35Mel Ott
74%
31Mel Ott
74%
33Mel Ott
74%
31Mel Ott
74%
36Mel Ott
74%
27Mel Ott
74%
27Mel Ott
74%
30Mel Ott
74%
26Mel Ott
74%
33Matt Williams
72.2%
34Matt Williams
72.2%
38Matt Williams
72.2%
43Matt Williams
72.2%
47Kevin Mitchell
70.9%
35Kevin Mitchell
70.9%
27Kevin Mitchell
70.9%
25Orlando Cepeda
59.7%
27Orlando Cepeda
59.7%
HRs Player % Correct
35Orlando Cepeda
59.7%
34Orlando Cepeda
59.7%
31Orlando Cepeda
59.7%
46Orlando Cepeda
58.9%
25Pablo Sandoval
51.6%
26Johnny Mize
48.7%
51Johnny Mize
48.7%
40Johnny Mize
48.7%
27Hunter Pence
48%
37Rich Aurilia
45.3%
26Hank Thompson
41.8%
29Bobby Thomson
36.2%
27Bobby Thomson
36.2%
25Bobby Thomson
36.2%
32Bobby Thomson
36.2%
26Bobby Thomson
36.2%
28J.T. Snow
31.4%
25Felipe Alou
31.1%
29Dave Kingman
27%
28Bill Terry
23.9%
30Darrell Evans
22.7%
31Jim Ray Hart
22.6%
33Jim Ray Hart
22.6%
29Jim Ray Hart
22.6%
26Aubrey Huff
22.3%
26Rogers Hornsby
17.4%
31Ellis Burks
15.3%
26Ray Durham
12.9%
27Tom Haller
12.3%
35Walker Cooper
12.2%
25Babe Young
11.7%
36Willard Marshall
10.4%
27Mike Ivie
9.9%
26Hank Sauer
9.7%
30Sid Gordon
8.8%
26Sid Gordon
8.8%

You're not logged in!

Compare scores with friends on all Sporcle quizzes.
OR
Log In

Sporcle TV

Today on Sporcle TV


Watch our educational content, quiz creation guides, and fun videos on Sporcle TV.

Show Comments

Extras

Top Quizzes Today


Score Distribution

Paid Content

Your Account Isn't Verified!

In order to create a playlist on Sporcle, you need to verify the email address you used during registration. Go to your Sporcle Settings to finish the process.

Report this User

Report this user for behavior that violates our Community Guidelines.

Details: